000 01363nam a2200241Ia 4500
999 _c35357
_d35357
001 1210
003 GE_BSU
005 20241004102556.0
008 181216s2003||||ge |||||||||||||| ||geo||
040 _cGE_BSU
041 _ageo
080 _a574(075.8) ჯ-26
100 _aჯაფარიძე, თ.
_910666
245 _aმცენარეთა ეკოლოგია :
_bსახელმძღვ. უმაღლ. სასწავლებლების სტუდენტებისათვის /
_cთ. ჯაფარიძე ; რედ. თ. ჩაგელიშვილი ; ბუნების დაცვის მსოფლიო ფონდი, საქართველოში ეკოლ. განათლების განვითარების პროგრამა.
264 _aთბილისი :
_bმეცნიერება,
_c2003.
300 _a330 გვ.
_b ილ., ცხრ. ;
_c19 სმ.
500 _aტერმინთა ლექსიკონი: გვ. 308–324.
504 _aძირითადი ლიტერატურა: გვ. 325–326
541 _h12 ლ.
653 _aმცენარეთა ეკოლოგია
700 _aჩაგელიშვილი, რ.
_eრედაქტორი
_923315
942 _cBK
_2udc